000 00211nam a2200085Ia 4500
008 120527s9999 xx 000 0 und d
100 _aBeck, C. robert
245 _aMotivation: theories and principles
942 _cBK
999 _c27561
_d27561